| 000 | 00483cam a2200145 4500500 | ||
|---|---|---|---|
| 005 | 20251228090907.0 | ||
| 041 | _afre | ||
| 042 | _adc | ||
| 100 | 1 | 0 |
_aMarcy, Robert _eauthor |
| 245 | 0 | 0 | _aEntretien avec Robert Marcy |
| 260 | _c2020. | ||
| 500 | _a100 | ||
| 786 | 0 | _nBulletin de l’Amitié Charles Péguy | 169 | 1 | 2020-04-28 | p. 82-87 | 0180-8567 | |
| 856 | 4 | 1 | _uhttps://shs.cairn.info/revue-bulletin-de-lamitie-charles-peguy-2020-1-page-82?lang=fr&redirect-ssocas=7080 |
| 999 |
_c1602873 _d1602873 |
||